[Event "Titled Tue 1st Jul Early"]
[Site "chess.com INT"]
[Date "2025.07.01"]
[Round "1"]
[White "Punin, Andrii"]
[Black "Brejnik, Gustav"]
[Result "1-0"]
[WhiteTitle "FM"]
[BlackTitle "FM"]
[WhiteElo "2289"]
[BlackElo "2220"]
[WhiteFideId "14112639"]
[BlackFideId "362662"]
[EventDate "2025.07.01"]

1. e4 c6 2. d4 d5 3. e5 Bf5 4. h4 h5 5. Bd3 Bxd3 6. Qxd3 e6 7. Nf3 Qa5+ 8. Nbd2
Nh6 9. O-O Nf5 10. Nb3 Qb5 11. Qd1 c5 12. a4 Qc6 13. dxc5 Bxc5 14. c3 Nd7 15.
Nbd4 Nxd4 16. cxd4 Be7 17. Bg5 Bxg5 18. Nxg5 g6 19. Rc1 Qb6 20. b3 Rd8 21. Rc3
Nb8 22. Qf3 O-O 23. Rd1 Nc6 24. Rcd3 Ne7 25. g4 hxg4 26. Qxg4 Kg7 27. h5 Rh8 28.
Rh3 Nf5 29. Kg2 Rdg8 30. hxg6 fxg6 31. Rdh1 Rxh3 32. Qxh3 Kf8 33. Qh7 Rg7 34.
Qh8+ Ke7 35. Rh7 Rxh7 36. Qxh7+ Kd8 37. Qg8+ Kd7 38. Qf7+ Ne7 39. Nh7 Qxd4 40.
Nf6+ Kc6 41. Qxe6+ Kc5 42. Qxe7+ Kb6 43. Qd6+ Ka5 44. Qxd5+ Qxd5+ 45. Nxd5 1-0

[Event "Titled Tue 1st Jul Early"]
[Site "chess.com INT"]
[Date "2025.07.01"]
[Round "1"]
[White "Andriienko, Artom"]
[Black "Tica, Sven"]
[Result "1-0"]
[BlackTitle "IM"]
[WhiteElo "2151"]
[BlackElo "2442"]
[WhiteFideId "34129510"]
[BlackFideId "14526948"]
[EventDate "2025.07.01"]

1. e4 g6 2. d4 Bg7 3. Nc3 c6 4. h4 d5 5. e5 h5 6. Bd3 Nh6 7. Bg5 Bf5 8. Nf3 Bxd3
9. Qxd3 Nf5 10. Ne2 Qb6 11. e6 f6 12. Bc1 c5 13. Nf4 cxd4 14. O-O Rh6 15. Nxd5
Qc5 16. Bxh6 Bxh6 17. Qb5+ Qxb5 18. Nc7+ Kd8 19. Nxb5 Nc6 20. Rad1 a6 21. Nbxd4
Ncxd4 22. Nxd4 Nd6 23. c4 Rc8 24. b3 Rc5 25. Rfe1 Kc7 26. Nc2 Bf4 27. g3 Be5 28.
Nb4 b5 29. Nd3 Rc6 30. Nxe5 fxe5 31. cxb5 axb5 32. Rxe5 Rc2 33. Rg5 Ne4 34. Rd7+
Kc6 35. Rxe7 Nxg5 36. hxg5 Kd6 37. Rg7 Kxe6 38. Rxg6+ Kf5 39. Rf6+ Kxg5 40. Rb6
Rxa2 41. Rxb5+ Kg4 42. Kg2 Rb2 43. Rb4+ Kg5 44. Kf3 Kf5 45. Rb5+ Kf6 46. Ke3 Kg6
47. f3 Rb1 48. Kf4 Rd1 49. Rb6+ Kg7 50. Kg5 Rd5+ 51. Kh4 Kh7 52. b4 Kg7 53. b5
Kh7 54. Rb7+ Kg6 55. Rb6+ Kg7 56. Rb8 Kg6 57. Rg8+ Kh6 58. b6 Rb5 59. b7 Rxb7
60. Rh8+ Kg6 61. Rxh5 Rb4+ 62. g4 Rf4 63. Kg3 Ra4 64. Rd5 Kh6 65. Rd6+ Kg5 66.
f4+ 1-0

[Event "Titled Tue 1st Jul Early"]
[Site "chess.com INT"]
[Date "2025.07.01"]
[Round "1"]
[White "Svane, Rasmus"]
[Black "Peycheva, Gergana"]
[Result "1-0"]
[WhiteTitle "GM"]
[BlackTitle "FM"]
[WhiteElo "2619"]
[BlackElo "2191"]
[WhiteFideId "4657101"]
[BlackFideId "2916711"]
[EventDate "2025.07.01"]

1. Nf3 d5 2. g3 Nf6 3. Bg2 e6 4. O-O Be7 5. c4 O-O 6. b3 b6 7. d4 Bb7 8. Nc3
Nbd7 9. Bb2 c5 10. Ne1 cxd4 11. Qxd4 Nc5 12. cxd5 exd5 13. Rd1 Ne6 14. Qd2 Ne4
15. Nxe4 dxe4 16. Qc2 Qc8 17. Bxe4 Qxc2 18. Bxc2 Rac8 19. Bb1 Rfe8 20. Nd3 Bf6
21. Bxf6 gxf6 22. Rfe1 Nd4 23. Kf1 Rcd8 24. f3 Nb5 25. Kf2 Nc3 26. Rc1 Nxb1 27.
Rxb1 Ba6 28. Nf4 Rd2 29. a4 Rc8 30. Rbc1 Rcc2 31. Rxc2 Rxc2 32. Rd1 Rb2 33. Rd7
Rxb3 34. Rxa7 Bc4 35. Nh5 Kf8 36. Nxf6 h6 37. Nh5 Rb2 38. Nf4 b5 39. axb5 Bxb5
40. g4 Ke8 41. h4 Bd7 42. Ra6 h5 43. Ra8+ Ke7 44. Nxh5 Bb5 45. Nf4 Kf6 46. Rb8
Ke5 47. Kg3 1-0

[Event "Titled Tue 1st Jul Early"]
[Site "chess.com INT"]
[Date "2025.07.01"]
[Round "1"]
[White "Pranesh, M"]
[Black "Zlatin, Alexander"]
[Result "1-0"]
[WhiteTitle "GM"]
[BlackTitle "FM"]
[WhiteElo "2592"]
[BlackElo "2313"]
[WhiteFideId "35028600"]
[BlackFideId "2810549"]
[EventDate "2025.07.01"]

1. Nf3 g6 2. g3 Bg7 3. Bg2 Nf6 4. O-O O-O 5. b3 b6 6. Bb2 Bb7 7. c4 c5 8. d4 d5
9. Ne5 Ne4 10. cxd5 Bxd5 11. dxc5 bxc5 12. Qc2 Nd7 13. Nxd7 Bxb2 14. Nxf8 Bxa1
15. Nxg6 hxg6 16. Bxe4 Bxe4 17. Qxe4 Rc8 18. Na3 Bd4 19. e3 Bf6 20. Nc4 Kg7 21.
Qc2 Qd7 22. Rd1 Qh3 23. f4 Qg4 24. Re1 Rd8 25. Qe2 Qh3 26. Rd1 Rh8 27. Nd2 e5
28. Ne4 exf4 29. gxf4 Rh4 30. Nxf6 Kxf6 31. Qb2+ Kf5 32. Qe5+ Kg4 33. Rd2 Qf3
34. Rf2 Qd1+ 35. Kg2 Rh5 36. Qe4 Qd5 37. h3+ Kh4 38. Qxd5 Rxd5 39. Rc2 f5 40.
Kf3 Kxh3 41. Rg2 Rd6 42. Rg1 Kh2 43. Rg2+ Kh3 44. Rc2 Rd5 45. a4 a5 46. Rc1 Kh2
47. Rc2+ Kg1 48. Rg2+ Kf1 49. Rxg6 Ke1 50. Ra6 Kd2 51. Rxa5 Rd3 52. Rb5 Rxe3+
53. Kf2 Re4 54. Kg3 Kc3 55. a5 Kd4 56. a6 Re3+ 57. Kh4 Re1 58. Ra5 Rh1+ 59. Kg5
Ke4 60. a7 Rg1+ 61. Kf6 Rg8 62. a8=Q+ Rxa8 63. Rxa8 Kf3 64. Kxf5 Kg2 1-0

[Event "Titled Tue 1st Jul Early"]
[Site "chess.com INT"]
[Date "2025.07.01"]
[Round "1"]
[White "Arun, Siddharth"]
[Black "Principe, Gerson"]
[Result "0-1"]
[BlackTitle "FM"]
[WhiteElo "1978"]
[BlackElo "2176"]
[WhiteFideId "2079178"]
[BlackFideId "3804550"]
[EventDate "2025.07.01"]

1. d4 Nf6 2. Nc3 d5 3. Bf4 e6 4. Nb5 Na6 5. e3 c6 6. Nc3 Nb8 7. Nf3 Bd6 8. Ne5
Qc7 9. Bg3 O-O 10. Bd3 Nfd7 11. Nxd7 Nxd7 12. Qh5 f5 13. O-O-O Nf6 14. Qf3 Ne4
15. Bxd6 Qxd6 16. Ne2 e5 17. dxe5 Qxe5 18. Nf4 Bd7 19. h4 Rae8 20. Rhe1 Rf7 21.
g3 Rfe7 22. Qg2 Nc5 23. Be2 Na4 24. Nd3 Qf6 25. Rd2 Nb6 26. Nc5 Bc8 27. g4 Nc4
28. Bxc4 dxc4 29. gxf5 c3 30. Rd4 cxb2+ 31. Kb1 Bxf5 32. Red1 Qe5 33. Nb3 a5 34.
h5 h6 35. Re1 b5 36. e4 Be6 37. Qg3 Qxh5 38. Rg1 a4 39. Nd2 Qc5 40. Rd6 Rf7 41.
e5 Qb4 42. Rxe6 Rxe6 43. Qd3 Qe7 44. f4 Rxf4 45. Ne4 Rxe4 46. Qxe4 Rxe5 0-1

[Event "Titled Tue 1st Jul Early"]
[Site "chess.com INT"]
[Date "2025.07.01"]
[Round "1"]
[White "Arakelyan, Manvel"]
[Black "Burmakin, Evgeniy"]
[Result "1-0"]
[WhiteTitle "FM"]
[BlackTitle "FM"]
[WhiteElo "2326"]
[BlackElo "2110"]
[WhiteFideId "13317415"]
[BlackFideId "4163729"]
[EventDate "2025.07.01"]

1. e4 c5 2. Nf3 d6 3. Bb5+ Nd7 4. a4 a6 5. Be2 g6 6. O-O Bg7 7. a5 Ngf6 8. Nc3
O-O 9. d3 Nb8 10. e5 dxe5 11. Nxe5 Nd5 12. Nxd5 Qxd5 13. Nc4 Nd7 14. Bf3 Qf5 15.
Re1 e6 16. Nd6 Qf6 17. Nxb7 Rb8 18. Nd6 Ne5 19. Be4 Qe7 20. Nxc8 Rfxc8 21. Ra2
Rd8 22. Qe2 c4 23. dxc4 Qb4 24. b3 f5 25. Bd3 Nxd3 26. cxd3 Rxd3 27. Qxe6+ Kh8
28. Bf4 Rbd8 29. Rae2 Rd1 30. h4 Qxb3 31. Be5 Rxe1+ 32. Rxe1 Qb7 33. Bxg7+ Qxg7
34. Qxa6 h6 35. Qc6 Kh7 36. a6 1-0

[Event "Titled Tue 1st Jul Early"]
[Site "chess.com INT"]
[Date "2025.07.01"]
[Round "1"]
[White "Bulatova, Kamaliya"]
[Black "Venkatesh, Narayan"]
[Result "1/2-1/2"]
[WhiteTitle "WFM"]
[BlackTitle "FM"]
[WhiteElo "2091"]
[BlackElo "2185"]
[WhiteFideId "34111546"]
[BlackFideId "30987881"]
[EventDate "2025.07.01"]

1. d4 d6 2. e4 Nc6 3. Nc3 g6 4. Be3 Bg7 5. Qd2 e5 6. d5 Nce7 7. h4 f5 8. f3 Nf6
9. O-O-O O-O 10. Bh6 f4 11. Bxg7 Kxg7 12. g4 fxg3 13. Qg2 Nh5 14. Nge2 c6 15.
Nxg3 Nf4 16. Qg1 cxd5 17. exd5 Nf5 18. h5 Qg5 19. Nxf5+ Qxf5 20. hxg6 Nxg6 21.
Bd3 Qf4+ 22. Kb1 Bf5 23. Ne4 Bxe4 24. Bxe4 Rf6 25. Qg2 Rh8 26. Rh3 h5 27. Rg1
Rh6 28. b3 h4 29. Qe2 a6 30. Rg4 Kf7 31. Bxg6+ Rhxg6 32. Rxf4 Rxf4 33. Qe1 Rh6
34. Kb2 Kf6 35. c4 Kg5 36. Qg1+ Kf5 37. Qg2 Rg6 38. Qh2 Rh6 39. Qg1 Rg6 40. Qb1+
Kf6 41. Qe1 Rh6 42. Ka3 Kg5 43. Qg1+ Kf5 44. Qb6 Rg6 45. Qxb7 Rg3 46. Qf7+ Kg5
47. Qe7+ Kh5 48. Qh7+ Kg5 49. Qh8 Rxh3 50. Qg7+ Kf5 51. Qf7+ Kg5 52. Qg7+ Kh5
53. Qh7+ Kg5 54. Qg7+ 1/2-1/2

[Event "Titled Tue 1st Jul Early"]
[Site "chess.com INT"]
[Date "2025.07.01"]
[Round "1"]
[White "Gajic, Mladen"]
[Black "Mardov, Dimitar"]
[Result "0-1"]
[WhiteTitle "FM"]
[BlackTitle "IM"]
[WhiteElo "2246"]
[BlackElo "2506"]
[WhiteFideId "1709178"]
[BlackFideId "30919495"]
[EventDate "2025.07.01"]

1. e4 e5 2. Nc3 Nc6 3. Nf3 Bb4 4. Bc4 Nf6 5. O-O O-O 6. d3 Bxc3 7. bxc3 h6 8. a4
a5 9. Nd2 d6 10. Re1 b6 11. Nf1 Bg4 12. f3 Be6 13. Ne3 Bxc4 14. Nxc4 Re8 15. Ne3
d5 16. exd5 Nxd5 17. Nxd5 Qxd5 18. c4 Qd7 19. Bb2 Rad8 20. Qc1 Re6 21. Qe3 Rde8
22. c5 Nd4 23. Qf2 bxc5 24. Ba3 Qd5 25. Re4 c4 26. c3 Nf5 27. dxc4 Qc6 28. c5
Rd8 29. Rae1 Rd5 30. g4 Ne7 31. f4 exf4 32. Rxe6 fxe6 33. Qxf4 Ng6 34. Qe4 Nf8
35. c4 Rxc5 36. Bxc5 Qxc5+ 37. Kg2 Qb4 38. Rb1 Qxa4 39. Rb8 Qd7 0-1

[Event "Titled Tue 1st Jul Early"]
[Site "chess.com INT"]
[Date "2025.07.01"]
[Round "1"]
[White "Bodrogi, Bendeguz"]
[Black "Bukreev, Stanislav"]
[Result "1/2-1/2"]
[WhiteTitle "FM"]
[BlackTitle "FM"]
[WhiteElo "2481"]
[BlackElo "2305"]
[WhiteFideId "790303"]
[BlackFideId "34252347"]
[EventDate "2025.07.01"]

1. Nf3 Nf6 2. g3 d5 3. Bg2 g6 4. b3 Bg7 5. Bb2 c5 6. c4 d4 7. b4 O-O 8. bxc5 Nc6
9. e3 Nd7 10. exd4 Nxc5 11. O-O Nxd4 12. Nxd4 Bxd4 13. Bxd4 Qxd4 14. Na3 Bg4 15.
Bf3 Bxf3 16. Qxf3 Qxd2 17. Rfd1 Qh6 18. Rd5 b6 19. Nb5 a6 20. Nd4 e6 21. Rd6
Rad8 22. Qc6 Rxd6 23. Qxd6 Qd2 24. Qf4 Qxf4 25. gxf4 Rd8 26. Nb3 Nxb3 27. axb3
a5 28. c5 Rb8 29. cxb6 Rxb6 30. Rxa5 Rxb3 31. Kg2 Kg7 32. h4 h5 33. f3 Kf6 34.
Kg3 Rb7 35. Rc5 Rd7 36. Ra5 Ke7 37. Rc5 Kd6 38. Ra5 Rc7 39. Ra6+ Rc6 40. Ra7 Rc7
41. Ra6+ Kd5 42. Ra5+ Kd4 43. Ra4+ Kd3 44. Ra3+ Kd4 45. Ra4+ Kc3 46. Ra3+ Kb4
47. Ra6 Rd7 48. Rb6+ Kc5 49. Ra6 Kd4 50. Ra3 Kc4 51. Kg2 Kb4 52. Re3 Rd1 53. Kg3
Kc4 54. Ra3 Rd7 55. Kf2 Kb4 56. Ra8 Kc3 57. Ra3+ Kb2 58. Ra8 Rd5 59. Ra7 Rf5 60.
Kg3 Kc3 61. Rd7 Kc4 62. Ra7 Kd5 63. Rb7 Kd6 64. Ra7 e5 65. fxe5+ Kxe5 66. Rb7
Kf6 67. Ra7 Rb5 68. Rc7 Re5 69. Rb7 Re7 70. Rb6+ Kf5 71. Rb5+ Re5 72. Rb7 f6 73.
Rf7 Ke6 74. Rf8 Ra5 75. Re8+ Kf5 76. Rb8 g5 77. hxg5 fxg5 78. Rf8+ Kg6 79. Rg8+
Kf6 80. Rf8+ Kg7 81. Rb8 Kg6 82. Rg8+ Kf7 83. Rh8 Kg6 84. Rg8+ 1/2-1/2

[Event "Titled Tue 1st Jul Early"]
[Site "chess.com INT"]
[Date "2025.07.01"]
[Round "1"]
[White "Estrada Nieto, Julian"]
[Black "Ebrahimi Herab, Hamidreza"]
[Result "0-1"]
[WhiteTitle "IM"]
[BlackTitle "FM"]
[WhiteElo "2189"]
[BlackElo "2404"]
[WhiteFideId "5101018"]
[BlackFideId "22512888"]
[EventDate "2025.07.01"]

1. e4 c5 2. Nf3 e6 3. c3 d5 4. exd5 Qxd5 5. d4 Nc6 6. Be3 Nf6 7. Na3 Be7 8. Nb5
Qd8 9. dxc5 Nd5 10. Bd4 O-O 11. c4 Nf4 12. Be3 Ng6 13. Qxd8 Rxd8 14. Rd1 Rxd1+
15. Kxd1 Bd7 16. a3 Nce5 17. Nxe5 Nxe5 18. Be2 Bc6 19. f4 Rd8+ 20. Kc2 Bxg2 21.
Rd1 Be4+ 22. Kc3 Rxd1 23. Bxd1 Nc6 24. b4 Bf6+ 25. Kb3 h6 26. Nd6 Bg2 27. Bc2
Nd4+ 28. Bxd4 Bxd4 29. Be4 Bxe4 30. Nxe4 Be3 31. Nd6 Bxf4 32. Nxb7 Bxh2 33. c6
Kf8 34. c5 g5 35. b5 Bc7 36. Nd6 g4 37. Ne4 h5 38. Nf2 f5 39. Kc3 h4 40. Kd4 h3
41. Nh1 g3 42. Nxg3 Bxg3 43. b6 axb6 44. cxb6 Bf2+ 45. Ke5 Bxb6 46. Kxe6 h2 47.
Kd7 h1=Q 48. Kc8 Qxc6+ 49. Kb8 Qc7+ 50. Ka8 Qa7# 0-1

[Event "Titled Tue 1st Jul Early"]
[Site "chess.com INT"]
[Date "2025.07.01"]
[Round "1"]
[White "Lyakh, Vasiliy"]
[Black "Barrientos, Ernesto"]
[Result "1-0"]
[BlackTitle "CM"]
[WhiteElo "2123"]
[BlackElo "2027"]
[WhiteFideId "14189828"]
[BlackFideId "3701247"]
[EventDate "2025.07.01"]

1. d4 Nf6 2. c4 c5 3. d5 b5 4. cxb5 a6 5. bxa6 Bxa6 6. Nc3 g6 7. e4 Bxf1 8. Kxf1
d6 9. Nf3 Bg7 10. g3 O-O 11. Kg2 Qa5 12. a4 Na6 13. Re1 Nb4 14. Nb5 Rfb8 15. Bd2
Nd7 16. Bc3 Nb6 17. Bxg7 Kxg7 18. b3 c4 19. Qd4+ f6 20. bxc4 Nc2 21. Qd3 Nxe1+
22. Rxe1 Qxa4 23. Nc7 Ra7 24. Ne6+ Kh8 25. Qe3 Nxc4 26. Qh6 Rg8 27. Rb1 Qe8 28.
Nfd4 Ne5 29. h3 Ra2 30. Rb7 Nd3 31. Nc6 Nxf2 32. Kf3 Nd3 33. Rxe7 Ne5+ 34. Ke3
Nc4+ 35. Kd4 Qxe7 36. Nxe7 Ne5 37. Nxg8 1-0

[Event "Titled Tue 1st Jul Early"]
[Site "chess.com INT"]
[Date "2025.07.01"]
[Round "1"]
[White "Cacheiro Blanco, Diego"]
[Black "Buraczewski, Rafal"]
[Result "0-1"]
[WhiteTitle "FM"]
[BlackTitle "CM"]
[WhiteElo "2383"]
[BlackElo "2135"]
[WhiteFideId "54541042"]
[BlackFideId "1155245"]
[EventDate "2025.07.01"]

1. Nf3 d5 2. c4 c6 3. d4 dxc4 4. e3 b5 5. a4 a6 6. axb5 cxb5 7. b3 e6 8. bxc4
Bb4+ 9. Bd2 Bxd2+ 10. Nbxd2 bxc4 11. Bxc4 Ne7 12. O-O O-O 13. Ne4 a5 14. Qc2 Bb7
15. Nfg5 Ng6 16. Nc5 Bxg2 17. Ngxe6 Qh4 18. f3 Bxf1 19. Nxf8 Bxc4 20. Nxg6 Qg5+
21. Kf2 hxg6 22. Qxc4 Nc6 23. Ne4 Qh4+ 24. Kg2 Ne7 25. Ng3 Rb8 26. Ra2 Nf5 27.
Nxf5 gxf5 28. Qe2 Qg5+ 29. Kf2 Rb1 30. Qc4 Qg1+ 31. Ke2 Qe1+ 32. Kd3 Rd1+ 33.
Kc2 Qd2+ 34. Kb3 Rb1+ 35. Ka3 Qxe3+ 36. Ka4 Rb4+ 37. Qxb4 axb4 38. Kxb4 Qxd4+ 0-1

[Event "Titled Tue 1st Jul Early"]
[Site "chess.com INT"]
[Date "2025.07.01"]
[Round "1"]
[White "Grebeniuk, Semen"]
[Black "Bestard Borras, Miguel"]
[Result "0-1"]
[BlackTitle "CM"]
[WhiteElo "2324"]
[BlackElo "2116"]
[WhiteFideId "14117509"]
[BlackFideId "2221888"]
[EventDate "2025.07.01"]

1. d4 d6 2. g3 Nf6 3. Bg2 Nc6 4. d5 Ne5 5. Nc3 g6 6. e4 Bg7 7. f4 Bg4 8. Qd2 Nc4
9. Qd3 Nb6 10. h3 Bd7 11. Nf3 c6 12. O-O cxd5 13. exd5 O-O 14. g4 Rc8 15. Nd4
Rxc3 16. Qxc3 Nfxd5 17. Qd3 Bc6 18. c3 Qc7 19. Bd2 Na4 20. Nxc6 bxc6 21. b3 Nc5
22. Qc2 Qb6 23. Kh1 Rc8 24. Rae1 Kf8 25. c4 Nb4 26. Bxb4 Qxb4 27. f5 Qc3 28. Qe2
Be5 29. fxg6 Qg3 30. Rxf7+ Kg8 31. Bf1 Ne4 32. Rf3 hxg6 33. Rd1 Rf8 34. Rxf8+
Kxf8 0-1

[Event "Titled Tue 1st Jul Early"]
[Site "chess.com INT"]
[Date "2025.07.01"]
[Round "1"]
[White "Moldagali, Beksultan"]
[Black "Fernandes, Rogerio Paulo Muller"]
[Result "1-0"]
[WhiteTitle "FM"]
[WhiteElo "2397"]
[BlackElo "2241"]
[WhiteFideId "13734768"]
[BlackFideId "2101599"]
[EventDate "2025.07.01"]

1. e4 e6 2. d4 d5 3. Nd2 c5 4. Ngf3 cxd4 5. Nxd4 Nc6 6. Nxc6 bxc6 7. Bd3 Bd6 8.
O-O Qc7 9. h3 Ne7 10. c4 O-O 11. Qe2 Ba6 12. b3 Be5 13. Rb1 d4 14. Nf3 c5 15.
Nxe5 Qxe5 16. f4 Qc7 17. Bd2 Bb7 18. Rf3 a5 19. Rbf1 f5 20. Rg3 g6 21. h4 Kf7
22. h5 Rg8 23. exf5 Nxf5 24. Rg5 Qc6 25. Re1 Qd6 26. Qg4 a4 27. Qh3 axb3 28.
axb3 Ra2 29. hxg6+ hxg6 30. Re2 Rxd2 31. Rxd2 Qxf4 32. Rxf5+ exf5 33. Re2 Kf6
34. Qh7 Rg7 35. Qh8 Be4 36. Bxe4 Qc1+ 37. Kh2 1-0

[Event "Titled Tue 1st Jul Early"]
[Site "chess.com INT"]
[Date "2025.07.01"]
[Round "1"]
[White "Jammalamadaka, Vihaan"]
[Black "Gazineu Neto, Rubens"]
[Result "1-0"]
[WhiteTitle "CM"]
[WhiteElo "1977"]
[BlackElo "1960"]
[WhiteFideId "30977134"]
[BlackFideId "2174685"]
[EventDate "2025.07.01"]

1. b3 e5 2. Bb2 Nc6 3. e3 d5 4. Bb5 Bd6 5. Nf3 Qe7 6. d4 e4 7. Ne5 Bd7 8. Nxd7
Qxd7 9. c4 a6 10. Ba4 Nf6 11. Nc3 Bb4 12. O-O O-O 13. cxd5 Nxd5 14. Bxc6 Qxc6
15. Ne2 Bd6 16. Rc1 Qd7 17. Ng3 f5 18. Qe2 c6 19. a4 Rae8 20. Rfe1 Kh8 21. f4
exf3 22. Qxf3 Nb4 23. Rcd1 Nd5 24. Nf1 Nf6 25. h3 Ne4 26. Nd2 Qe6 27. Nc4 Bc7
28. Rf1 Rd8 29. a5 Bb8 30. g4 Bd6 31. gxf5 Qe7 32. Ne5 Bxe5 33. Qxe4 1-0

[Event "Titled Tue 1st Jul Early"]
[Site "chess.com INT"]
[Date "2025.07.01"]
[Round "1"]
[White "Nazin, Roman"]
[Black "Bortnyk, Olexandr"]
[Result "0-1"]
[WhiteTitle "CM"]
[BlackTitle "GM"]
[WhiteElo "2250"]
[BlackElo "2601"]
[WhiteFideId "4137167"]
[BlackFideId "14120828"]
[EventDate "2025.07.01"]

1. d4 Nf6 2. Nf3 b6 3. e3 Bb7 4. c4 g6 5. Bd3 Bg7 6. O-O O-O 7. Nc3 d6 8. Qe2
Nc6 9. d5 Nb4 10. Bb1 e6 11. a3 Na6 12. e4 exd5 13. exd5 Re8 14. Qc2 Nc5 15. b4
Nfe4 16. Bb2 Nxc3 17. Bxc3 Ne4 18. Bxg7 Kxg7 19. Ba2 Qf6 20. Rae1 Nc3 21. Bb3 a5
22. Re3 a4 23. Rxc3 axb3 24. Rxb3 Bc8 25. Qd2 Bg4 26. Nd4 Re4 27. Rd3 Bd7 28. f3
Re7 29. b5 h5 30. f4 Re4 31. g3 Bh3 32. Re1 Rae8 33. Rxe4 Rxe4 34. Nf3 Qa1+ 35.
Qd1 Qa2 36. Rd2 Qxc4 37. Ng5 Qc5+ 38. Kh1 Rc4 39. Nxh3 Rc1 40. Ng5 Rxd1+ 41.
Rxd1 Qxb5 42. Rd2 Qf1# 0-1

[Event "Titled Tue 1st Jul Early"]
[Site "chess.com INT"]
[Date "2025.07.01"]
[Round "1"]
[White "Durarbayli, Vasif"]
[Black "Shahinyan, Vladimir"]
[Result "1-0"]
[WhiteTitle "GM"]
[BlackTitle "CM"]
[WhiteElo "2612"]
[BlackElo "2182"]
[WhiteFideId "13402935"]
[BlackFideId "13314599"]
[EventDate "2025.07.01"]

1. e4 c5 2. Nf3 d6 3. d4 cxd4 4. Nxd4 Nf6 5. Nc3 Nc6 6. Be2 g6 7. Be3 Bg7 8. Qd2
O-O 9. O-O-O Nxd4 10. Bxd4 Be6 11. Kb1 Qa5 12. a3 Rfc8 13. f4 b5 14. e5 dxe5 15.
fxe5 Nd7 16. Nxb5 Qxd2 17. Rxd2 Nxe5 18. Nxa7 Rd8 19. Nb5 Nc4 20. Rdd1 Rdb8 21.
Bxg7 Kxg7 22. Bxc4 Bxc4 23. Nc7 Rxa3 24. Rhe1 Ra7 25. Rxe7 Rab7 26. b3 Bxb3 27.
Ne8+ Kf8 28. Rxb7 Rxb7 29. Nd6 Rd7 30. cxb3 Re7 31. Kc2 Re2+ 32. Rd2 Re1 33. b4
Rh1 34. h3 Ra1 35. b5 Ra4 36. Kc3 Ra1 37. Nc4 Rb1 38. Rb2 Rc1+ 39. Kd4 Rd1+ 40.
Kc5 Ke7 41. b6 Kd7 42. Rd2+ Rxd2 43. Nxd2 Kc8 44. Kc6 1-0

[Event "Titled Tue 1st Jul Early"]
[Site "chess.com INT"]
[Date "2025.07.01"]
[Round "1"]
[White "Zhigalko, Sergei"]
[Black "Abraham, John Z"]
[Result "1-0"]
[WhiteTitle "GM"]
[WhiteElo "2572"]
[BlackElo "2108"]
[WhiteFideId "13502956"]
[BlackFideId "30987318"]
[EventDate "2025.07.01"]

1. e4 c5 2. Nf3 e6 3. c3 d5 4. e5 Nc6 5. d4 Qb6 6. Bd3 Bd7 7. dxc5 Bxc5 8. O-O
a5 9. Nbd2 Qc7 10. Nb3 Be7 11. Re1 h5 12. Nbd4 Nh6 13. Nb5 Qb8 14. Bf4 Rg8 15.
h4 Ng4 16. Qe2 Bc5 17. Nd6+ Bxd6 18. exd6 Kd8 19. Ng5 Rf8 20. Bg3 Nf6 21. Rad1
b5 22. Bxb5 Nd4 23. Rxd4 Bxb5 24. Qf3 Bd7 25. c4 Qxb2 26. cxd5 Qxd4 27. dxe6 Ra6
28. Qb7 Qa7 29. e7+ Ke8 30. exf8=Q+ Kxf8 31. Qb1 Rb6 32. Nh7+ Kg8 33. Nxf6+ gxf6
34. Qa1 Kg7 35. Re7 Qb7 36. Kh2 Rb1 37. Qc3 Rf1 38. Qc4 Qb1 39. Qxf7+ Kh6 40.
Qg7# 1-0

[Event "Titled Tue 1st Jul Early"]
[Site "chess.com INT"]
[Date "2025.07.01"]
[Round "1"]
[White "Causo, Deniel"]
[Black "Ivashentseva, Dominika"]
[Result "1-0"]
[WhiteTitle "FM"]
[BlackTitle "WCM"]
[WhiteElo "2224"]
[BlackElo "1970"]
[WhiteFideId "5203660"]
[BlackFideId "34331050"]
[EventDate "2025.07.01"]

1. e4 c5 2. d4 cxd4 3. c3 dxc3 4. Nxc3 e6 5. Nf3 Bb4 6. Bc4 Nf6 7. Qe2 d5 8.
exd5 Nxd5 9. O-O Bxc3 10. bxc3 O-O 11. Bd3 f5 12. Bb2 Nf4 13. Qe3 Nxd3 14. Rfd1
Qb6 15. Qxb6 axb6 16. Rxd3 Nc6 17. a4 e5 18. Rd6 b5 19. axb5 Rxa1+ 20. Bxa1 Na7
21. c4 e4 22. Nd4 Rf6 23. Rd8+ Rf8 24. Rd6 Rf6 25. Rxf6 gxf6 26. c5 Kf7 27. g3
Ke7 28. Bc3 Be6 29. Bb4 Kd7 30. c6+ bxc6 31. b6 Nb5 32. b7 Kc7 33. Nxe6+ Kxb7
34. Ng7 Na7 35. Nxf5 Kb6 36. Nd6 c5 37. Bc3 Nc6 38. Bxf6 Nb4 39. Nxe4 Nd3 40.
Be7 Kb5 41. Nxc5 Kc4 42. Nxd3 Kd4 43. Kg2 Ke4 44. f4 Kf5 45. Kf3 h5 46. h3 h4
47. g4+ Kg6 48. Bc5 Kh6 49. Ke4 Kg6 50. Ke5 Kh6 51. Kf6 Kh7 52. Kf7 Kh6 53. Ne5
Kh7 54. Bf8 Kh8 55. Nd7 Kh7 56. Nf6+ Kh8 57. Bg7# 1-0

[Event "Titled Tue 1st Jul Early"]
[Site "chess.com INT"]
[Date "2025.07.01"]
[Round "1"]
[White "Mohammadi, Melika"]
[Black "Brenke, Andreas"]
[Result "1-0"]
[WhiteTitle "WFM"]
[BlackTitle "FM"]
[WhiteElo "2244"]
[BlackElo "2349"]
[WhiteFideId "42529271"]
[BlackFideId "4602900"]
[EventDate "2025.07.01"]

1. d4 d5 2. c4 c6 3. Nc3 Nf6 4. Nf3 dxc4 5. e3 b5 6. a4 b4 7. Na2 e6 8. Bxc4 a5
9. O-O Nbd7 10. Bd2 Bb7 11. Nc1 c5 12. dxc5 Bxc5 13. Nb3 O-O 14. Nxc5 Nxc5 15.
Nd4 Qb6 16. Qe2 Rfd8 17. Rfd1 Rac8 18. f3 e5 19. Nf5 Rd7 20. Be1 Rcd8 21. Rxd7
Rxd7 22. Rc1 g6 23. Ng3 Nxa4 24. Bb5 Nc5 25. Bxd7 Ncxd7 26. Bf2 h5 27. e4 Qe6
28. Qb5 Qa6 29. Qxa6 Bxa6 30. Ra1 h4 31. Nf1 h3 32. Rxa5 Be2 33. Ng3 Bd1 34. Rb5
hxg2 35. Kxg2 b3 36. Be3 Kg7 37. Nf1 Nf8 38. Nd2 Ne6 39. Nxb3 Nh5 40. Nc5 Nef4+
41. Bxf4 Nxf4+ 42. Kf2 f5 43. exf5 gxf5 44. Nd7 Ng6 45. Nxe5 1-0

[Event "Titled Tue 1st Jul Early"]
[Site "chess.com INT"]
[Date "2025.07.01"]
[Round "1"]
[White "Miserendino, Alfredo"]
[Black "Ribeiro, Gustavo"]
[Result "0-1"]
[BlackTitle "FM"]
[WhiteElo "2032"]
[BlackElo "2314"]
[WhiteFideId "101800"]
[BlackFideId "1941852"]
[EventDate "2025.07.01"]

1. e4 c5 2. Nf3 Nc6 3. Bb5 g6 4. Bxc6 bxc6 5. O-O Bg7 6. e5 d5 7. exd6 exd6 8.
Re1+ Ne7 9. Qe2 a5 10. d3 Ra7 11. Bg5 f6 12. Bf4 O-O 13. Nc3 Nd5 14. Bg3 a4 15.
Rab1 h6 16. h3 f5 17. Nxd5 cxd5 18. Bf4 g5 19. Bd2 f4 20. Bc3 d4 21. Bd2 Kh7 22.
Nh2 Rff7 23. c3 Rae7 24. Qd1 Rxe1+ 25. Qxe1 Bf5 26. cxd4 Bxd3 27. dxc5 Re7 28.
Qd1 dxc5 29. Bc3 Bxc3 30. bxc3 c4 31. Ng4 h5 32. Nf6+ Kg6 33. Nxh5 Re2 34. g4
Qd6 35. Rb7 Qc6 36. Rg7+ Kh6 37. Qf1 Qf3 38. Rf7 Be4 39. Kh2 Rxf2+ 0-1